000
00275nam a22001217a 4500
020
_a
0-85835-680-5
082
_a
423 NEW'B
100
_a
BAY
_9
72755
245
_a
THE NEW OXFORD ENCYCLOPEDIC DICTIONARY VOL-1
260
_a
OXFORD
_b
BAY
_c
1976
300
_a
640P
942
_c
BK
999
_c
578736
_d
578736